Statystyki dla Wszystkie polskie kluby piłkarskie na literę F

Kliknij tutaj aby rozwiązać quiz!

Ogólne statystyki

  • Ten quiz został rozwiązany 4 razy
  • Średni wynik to 10 z 38

Statystyki odpowiedzi

Odpowiedź% Poprawnych
Flota Świnoujście
100%
Fablok Chrzanów
50%
Fagus Kołbacz
25%
Fala Międzyzdroje
25%
Falko Rzeplin
25%
Fanclub Dąbroszyn
25%
Fatma Pobiedna
25%
Favor Bobowicko
25%
Fax Bieniów
25%
FC Kaczor Lubin
25%
FC Kłodawa 13
25%
FC Kopalniowa
25%
FC Łabędź AgroLider Wąbrzeźno
25%
FC Pawęzów
25%
FC Pęcz
25%
FC Płochocin
25%
FC Stars Warszawa
25%
Feniks Pławna
25%
Fenix Pielgrzymka
25%
Fenix Siennica
25%
Fenix Wągry
25%
Florian Rymanów Zdrój
25%
Formoza Żagań
25%
Forteca Świerklany Dolne
25%
Fort Jaksmanice
25%
Fortuna Dorotowo Gągławki
25%
Fortuna Obora
25%
Fortuna Wieleń
25%
Fortuna Wygryny
25%
Forty Piątnica
25%
Forty Srebrna Góra
25%
Fosfory Wiślinka
25%
Foto-Higiena Błyskawica Gać
25%
Foto-Higiena II Osiek
25%
Frassati Fajsławice
25%
Fregata Polanowice
25%
Flisak Złotoryja
0%
Fortuna Dębniaki Kaliskie
0%

Rozkład punktacji

Percentyl według liczby udzielonych odpowiedzi

Procent ludzi z każdym wynikiem

Twoja historia wyników

Nie rozwiązałeś tego quizu